00342nam a2200133Ia 4500008004100000041000800041082001500049100001700064245004500081250001400126260002700140300003400167365000700201240624s9999 xx 000 0 und d aeng a332.12 GUP aGUP BENTON E aCOMMERCIAL BANKING THE MANAGEMENT OF RIS a(3rd ed.) c2006aNew DelhibWiley axxviii, : 548 : p. : cm. ; 24 cRS